000 00361nam a2200145Ia 4500
008 230917s9999||||xx |||||||||||||| ||und||
040 _e42740
_aMAIN
041 _aEnglish
082 _a813.09 B727M
100 _aBradbury, Malcolm
245 0 _aModern American novel
260 _aOxford
_bOxford University Press
_c1992
300 _aix, 329 p.
942 _cBK
999 _c77309
_d77309